[Event "EU-ch Amateur Online 1700/2000"]
[Site "Tornelo INT"]
[Date "2021.04.24"]
[Round "8"]
[White "Sarakatsanis, Ioannis Athanasios"]
[Black "Martinez Ayesa, Aitor"]
[Result "0-1"]
[WhiteElo "1632"]
[BlackElo "1973"]
[PlyCount "66"]
[EventDate "2021.04.24"]
[EventType "swiss (rapid)"]
[EventRounds "8"]
[EventCountry "NET"]
[SourceTitle "EXT 2023"]
[Source "ChessBase"]
[SourceDate "2022.10.05"]
[SourceVersion "1"]
[SourceVersionDate "2022.10.05"]
[SourceQuality "1"]

1. e4 c5 2. d4 cxd4 3. c3 dxc3 4. Nxc3 Nc6 5. Nf3 a6 6. Bc4 d6 7. 0-0 Nf6 8. e5 dxe5 9. Qxd8+ Nxd8 10. Nxe5 Be6 11. Be2 g6 12. Bf3 Bg7 13. Be3 0-0 14. Rfd1 Rc8 15. Na4 b5 16. Nc5 a5 17. a3 h5 18. h3 Rc7 19. Rac1 a4 20. Bf4 Rc8 21. g4 hxg4 22. hxg4 Nh7 23. g5 Nxg5 24. Bg2 Nh3+ 25. Bxh3 Bxh3 26. Kh2 Bf5 27. Ncd3 Ne6 28. Be3 Rfd8 29. Kg3 Rxc1 30. Rxc1 Bxd3 31. Nc6 Rd7 32. Rd1 Nf8 33. Bc5 Bf6 0-1

[Event "Collado Villalba 64 op 6th"]
[Site "Collado Villalba"]
[Date "2018.07.08"]
[Round "1"]
[White "Martinez Ayesa, Aitor"]
[Black "Mejias Gonzalez, Pedro"]
[Result "1-0"]
[WhiteElo "1990"]
[BlackElo "1543"]
[PlyCount "111"]
[EventDate "2018.07.08"]
[EventType "swiss"]
[EventRounds "7"]
[EventCountry "ESP"]
[SourceTitle "EXT 2019"]
[Source "ChessBase"]
[SourceDate "2018.10.10"]
[SourceVersion "1"]
[SourceVersionDate "2018.10.10"]
[SourceQuality "1"]

1. Nf3 Nf6 2. c4 c5 3. g3 g6 4. Bg2 Bg7 5. 0-0 0-0 6. Nc3 Nc6 7. d4 cxd4 8. Nxd4 e5 9. Ndb5 a6 10. Nd6 Ne8 11. Nce4 Nxd6 12. Nxd6 Qc7 13. e3 Rb8 14. Bh3 b6 15. b3 Na5 16. Ba3 Rd8 17. Qd5 Rf8 18. Nxc8 Rfxc8 19. Bd6 Qb7 20. Bxb8 Qxb8 21. Rad1 Rd8 22. Qd6 Qa7 23. Qe7 Nc6 24. Qd6 Bf8 25. Qd5 Nb4 26. Qxe5 Nxa2 27. Rd2 Nb4 28. Rfd1 d6 29. Qc3 a5 30. e4 Bg7 31. Qe3 Qc7 32. f4 Nc6 33. Kh1 f6 34. Rd5 Bf8 35. Bg2 Kg7 36. Rb5 Rb8 37. Bh3 Be7 38. Bg4 h6 39. h4 Kf7 40. h5 g5 41. Rf1 Kg7 42. Qc3 Rf8 43. fxg5 Ne5 44. gxh6+ Kxh6 45. Qe3+ Kg7 46. Be6 Rh8 47. g4 Nd7 48. Qd4 Nc5 49. Qd5 Rh6 50. Bf7 Nd7 51. Qe6 Ne5 52. Rxe5 dxe5 53. g5 fxg5 54. Bg6 Rxg6 55. Qxg6+ Kh8 56. Rf7 1-0

[Event "Navarra-chT"]
[Site "Navarra"]
[Date "2016.10.29"]
[Round "4.1"]
[White "Martinez Ayesa, Aitor"]
[Black "Reinaldo Castineira, Roi"]
[Result "0-1"]
[WhiteElo "2031"]
[BlackElo "2466"]
[PlyCount "114"]
[EventDate "2016.10.08"]
[EventType "team-tourn"]
[EventRounds "7"]
[EventCountry "ESP"]
[SourceTitle "CBM 175 Extra"]
[Source "ChessBase"]
[SourceDate "2016.12.12"]
[SourceVersion "1"]
[SourceVersionDate "2016.12.12"]
[SourceQuality "1"]
[WhiteTeam "Mikel Gurea"]
[BlackTeam "San Juan"]
[WhiteTeamCountry "ESP"]
[BlackTeamCountry "ESP"]

1. Nf3 Nf6 2. c4 e6 3. d4 c5 4. e3 d6 5. dxc5 Qa5+ 6. Bd2 Qxc5 7. Bd3 Be7 8. 0-0 0-0 9. Bc3 Nbd7 10. Nbd2 b6 11. Qc2 Bb7 12. Ne4 Nxe4 13. Bxe4 Bxe4 14. Qxe4 Nf6 15. Qd4 Qc6 16. Rac1 e5 17. Qd1 Qxc4 18. Bxe5 Qxa2 19. Bd4 Qe6 20. Qa4 Rfc8 21. Ra1 Ne4 22. Qb5 d5 23. Rfd1 Rc2 24. Rf1 Rcc8 25. Rfd1 Bd6 26. Qb3 g5 27. Nd2 Nxd2 28. Rxd2 Rc4 29. Qd1 Rac8 30. Bc3 Bxh2+ 31. Kf1 Be5 32. Rxd5 Bxc3 33. bxc3 Qf6 34. Rd6 Qxc3 35. Rd8+ Kg7 36. Rxc8 Rxc8 37. Rxa7 Qc1 38. Qxc1 Rxc1+ 39. Ke2 h5 40. Rb7 Rb1 41. Kf3 Rb2 42. Kg3 Rb3 43. Kh2 b5 44. f3 b4 45. e4 Rb1 46. Rb5 Kf6 47. Rb6+ Ke5 48. Rb5+ Kd4 49. Rxg5 Rc1 50. Rb5 Rc4 51. Rb7 Kc3 52. Rxf7 b3 53. Rb7 Rb4 54. Rc7+ Kd2 55. Rd7+ Ke2 56. Rc7 b2 57. Rc2+ Kf1 0-1

[Event "Navarra-chTA"]
[Site "Pamplona"]
[Date "2015.11.14"]
[Round "6.1"]
[White "Martinez Ayesa, Aitor"]
[Black "Del Rio Mayayo, Pablo Juan"]
[Result "1-0"]
[WhiteElo "1988"]
[BlackElo "2073"]
[PlyCount "59"]
[EventDate "2015.10.10"]
[EventType "team-tourn"]
[EventRounds "7"]
[EventCountry "ESP"]
[SourceTitle "CBM 169 Extra"]
[Source "ChessBase"]
[SourceDate "2015.12.18"]
[SourceVersion "1"]
[SourceVersionDate "2015.12.18"]
[SourceQuality "1"]
[WhiteTeam "Mikel Gurea"]
[BlackTeam "Runa"]
[WhiteTeamCountry "ESP"]
[BlackTeamCountry "ESP"]

1. Nf3 f5 2. d4 Nf6 3. e3 g6 4. b3 Bg7 5. Bb2 c6 6. Bd3 0-0 7. Nbd2 d6 8. 0-0 b5 9. c4 b4 10. Qc2 a5 11. a3 Na6 12. a4 Nc7 13. c5 d5 14. Ne5 Qe8 15. f4 Ng4 16. Rf3 Ne6 17. Nxg4 fxg4 18. Rg3 Bh6 19. f5 gxf5 20. Bxf5 Ng7 21. Bxh7+ Kh8 22. Bg6 Qd7 23. Rf1 Ba6 24. Bd3 Qe6 25. h3 Bxe3+ 26. Kh1 Rxf1+ 27. Nxf1 Bh6 28. hxg4 Bxd3 29. Qxd3 Qe1 30. Rh3 1-0

[Event "Navarra-chTA"]
[Site "Pamplona"]
[Date "2015.10.10"]
[Round "1.1"]
[White "Martinez Ayesa, Aitor"]
[Black "Vila Dupla, Aurelio"]
[Result "1-0"]
[WhiteElo "1988"]
[BlackElo "2217"]
[PlyCount "81"]
[EventDate "2015.10.10"]
[EventType "team-tourn"]
[EventRounds "7"]
[EventCountry "ESP"]
[SourceTitle "CBM 169 Extra"]
[Source "ChessBase"]
[SourceDate "2015.12.18"]
[SourceVersion "1"]
[SourceVersionDate "2015.12.18"]
[SourceQuality "1"]
[WhiteTeam "Mikel Gurea"]
[BlackTeam "Oberena"]
[WhiteTeamCountry "ESP"]
[BlackTeamCountry "ESP"]

1. Nf3 Nf6 2. c4 g6 3. b3 Bg7 4. Bb2 0-0 5. g3 d6 6. d4 e5 7. dxe5 Ng4 8. Bg2 dxe5 9. 0-0 Nc6 10. Qc1 e4 11. Bxg7 Kxg7 12. Qc3+ Kg8 13. Nfd2 Nd4 14. Re1 e3 15. fxe3 Nxe3 16. Na3 Re8 17. Bf3 h5 18. Ne4 Nef5 19. Bg2 Re6 20. e3 Nc6 21. Nc5 Re7 22. Rad1 Qf8 23. e4 Ng7 24. e5 Rb8 25. Ne4 Bf5 26. Nf6+ Kh8 27. Nb5 Ne8 28. Kh1 Nxf6 29. exf6 Rxe1+ 30. Rxe1 Qc8 31. Bd5 Qd7 32. Nd4 Nxd4 33. Qxd4 Re8 34. Re7 Rxe7 35. fxe7+ Kg8 36. Qf6 Qe8 37. Bxb7 Be6 38. Be4 Qd7 39. Bxg6 Qd1+ 40. Kg2 Qe2+ 41. Qf2 1-0

[Event "Villalba op 3rd"]
[Site "Villalba"]
[Date "2015.08.16"]
[Round "9"]
[White "Cabanas Bravo, Juan Andres"]
[Black "Martinez Ayesa, Aitor"]
[Result "1-0"]
[WhiteElo "2072"]
[BlackElo "1997"]
[PlyCount "54"]
[EventDate "2015.08.09"]
[EventType "swiss"]
[EventRounds "9"]
[EventCountry "ESP"]
[SourceTitle "EXT 2024"]
[Source "ChessBase"]
[SourceDate "2023.10.10"]
[SourceVersion "1"]
[SourceVersionDate "2023.10.10"]
[SourceQuality "1"]

1. e4 c5 2. Nf3 e6 3. d4 cxd4 4. Nxd4 a6 5. Nc3 b5 6. Be3 Bb7 7. f3 Qc7 8. Qd2 Nf6 9. 0-0-0 d6 10. g4 Nc6 11. Nxc6 Bxc6 12. h4 Rc8 13. a3 Be7 14. h5 h6 15. Kb1 Qb7 16. Bf4 a5 17. Bxd6 b4 18. axb4 axb4 19. Na2 Nxe4 20. fxe4 Bxe4 21. Bxe7 Kxe7 22. Qd6+ Ke8 23. Ba6 Qc7 24. Bb5+ Bc6 25. Bxc6+ Qxc6 26. Nxb4 Qxd6 27. Rxd6 Ke7 1-0

[Event "Villalba op 3rd"]
[Site "Villalba"]
[Date "2015.08.13"]
[Round "5"]
[White "Martinez Reyes, Pedro Ramon"]
[Black "Martinez Ayesa, Aitor"]
[Result "1-0"]
[WhiteElo "2349"]
[BlackElo "1997"]
[PlyCount "61"]
[EventDate "2015.08.09"]
[EventType "swiss"]
[EventRounds "9"]
[EventCountry "ESP"]
[SourceTitle "EXT 2024"]
[Source "ChessBase"]
[SourceDate "2023.10.10"]
[SourceVersion "1"]
[SourceVersionDate "2023.10.10"]
[SourceQuality "1"]

1. Nf3 c5 2. e4 e6 3. d4 cxd4 4. Nxd4 a6 5. Nc3 b5 6. Be2 Bb7 7. Bf3 Qc7 8. 0-0 d6 9. a4 bxa4 10. Rxa4 Nc6 11. Rc4 Rc8 12. Re1 Qb8 13. Nxc6 Bxc6 14. Bf4 Nf6 15. Rxc6 Rxc6 16. e5 d5 17. exf6 Qxf4 18. Nxd5 Qa4 19. b3 Qb5 20. c4 Qc5 21. Qa1 g6 22. b4 Qxc4 23. Ne3 Qc3 24. Bxc6+ Qxc6 25. Rc1 Qb7 26. Qa4+ Qb5 27. Qd1 Qb7 28. Nc4 Qb5 29. Nd6+ Bxd6 30. Qxd6 Qd7 31. Qb8+ 1-0

[Event "Villalba op 3rd"]
[Site "Villalba"]
[Date "2015.08.09"]
[Round "1"]
[White "Santos Burkholz, Mario"]
[Black "Martinez Ayesa, Aitor"]
[Result "0-1"]
[WhiteElo "1492"]
[BlackElo "1997"]
[PlyCount "84"]
[EventDate "2015.08.09"]
[EventType "swiss"]
[EventRounds "9"]
[EventCountry "ESP"]
[SourceTitle "EXT 2024"]
[Source "ChessBase"]
[SourceDate "2023.10.10"]
[SourceVersion "1"]
[SourceVersionDate "2023.10.10"]
[SourceQuality "1"]

1. d4 c5 2. e3 Nf6 3. Bd3 d5 4. c3 g6 5. f4 Bg7 6. Nf3 0-0 7. 0-0 b6 8. Ne5 Ba6 9. Bxa6 Nxa6 10. Nd2 Nc7 11. Nb3 c4 12. Nd2 Nce8 13. Qf3 Nd6 14. Qg3 b5 15. Qh4 e6 16. Nc6 Qc7 17. Ne5 a5 18. Rf3 Rfb8 19. g4 b4 20. Rh3 bxc3 21. bxc3 Nb5 22. Nb1 Nd6 23. g5 Nf5 24. Qe1 Ne4 25. Ba3 Rb5 26. Qc1 Rab8 27. Nf3 Nxe3 28. Nfd2 Nxd2 29. Nxd2 Qxf4 30. Nb1 Qxg5+ 31. Rg3 Qf5 32. Nd2 Ng4 33. Rf3 Qh5 34. Bd6 R8b7 35. Rb1 Rxb1 36. Nxb1 Nxh2 37. Rf2 Ng4 38. Rg2 Bh6 39. Qe1 Be3+ 40. Kf1 Qf5+ 41. Ke2 Rb2+ 42. Kd1 Qxb1# 0-1

[Event "Villalba op 1st"]
[Site "Villalba"]
[Date "2013.08.01"]
[Round "6.1"]
[White "Bermejo Arruego, Luis"]
[Black "Martinez Ayesa, Aitor"]
[Result "0-1"]
[WhiteElo "2181"]
[BlackElo "1942"]
[PlyCount "114"]
[EventDate "2013.07.27"]
[EventType "swiss"]
[EventRounds "9"]
[EventCountry "ESP"]
[SourceTitle "EXT 2024"]
[Source "ChessBase"]
[SourceDate "2023.10.10"]
[SourceVersion "1"]
[SourceVersionDate "2023.10.10"]
[SourceQuality "1"]

1. d4 c5 2. c3 Nf6 3. Bf4 d5 4. e3 Qb6 5. Qc2 Nc6 6. Nd2 Bg4 7. h3 Bh5 8. Be2 Bg6 9. Qb3 c4 10. Qxb6 axb6 11. Ngf3 b5 12. 0-0 b4 13. cxb4 Nxb4 14. Ne5 e6 15. Nxg6 hxg6 16. e4 Nc2 17. exd5 Nxd5 18. Be5 Nxa1 19. Rxa1 b5 20. b3 Nc3 21. Bf3 Rxa2 22. Rxa2 Nxa2 23. bxc4 bxc4 24. Nxc4 f6 25. Bc7 Kd7 26. Bb6 Nc3 27. Ba5 Nd5 28. Be4 g5 29. Ne3 Bb4 30. Bxd5 Bxa5 31. Bb3 Rb8 32. Ba4+ Kc7 33. d5 e5 34. Nf5 Rb4 35. Be8 Kd8 36. Bc6 g6 37. Ng7 Ke7 38. Ne8 Rb1+ 39. Kh2 Bb4 40. f3 Rc1 41. Nc7 Bd6 42. Nb5 Bb8 43. g3 Rc2+ 44. Kg1 Rc4 45. Kf2 Rc2+ 46. Kg1 Bd6 47. Nxd6 Kxd6 48. Be8 Kxd5 49. Bxg6 Rc8 50. Kf2 Kd4 51. h4 gxh4 52. gxh4 Rf8 53. h5 f5 54. Kg3 e4 55. Kf2 e3+ 56. Ke1 f4 57. h6 Ke5 0-1

[Event "Villalba op 1st"]
[Site "Villalba"]
[Date "2013.07.30"]
[Round "4.2"]
[White "Arbunic Castro, Giovanna B"]
[Black "Martinez Ayesa, Aitor"]
[Result "0-1"]
[WhiteElo "2054"]
[BlackElo "1942"]
[PlyCount "104"]
[EventDate "2013.07.27"]
[EventType "swiss"]
[EventRounds "9"]
[EventCountry "ESP"]
[SourceTitle "EXT 2024"]
[Source "ChessBase"]
[SourceDate "2023.10.10"]
[SourceVersion "1"]
[SourceVersionDate "2023.10.10"]
[SourceQuality "1"]

1. d4 c5 2. d5 Nf6 3. c4 e6 4. Nc3 exd5 5. cxd5 d6 6. Nf3 g6 7. h3 Bg7 8. Bf4 a6 9. a4 Qe7 10. Nd2 0-0 11. Nc4 Rd8 12. e3 Ne8 13. Be2 Nd7 14. 0-0 Ne5 15. Nb6 Rb8 16. Bh2 Nd7 17. Nxc8 Rdxc8 18. a5 Be5 19. Qd2 Bxh2+ 20. Kxh2 Nef6 21. Ra4 Re8 22. e4 Nh5 23. g4 Ng7 24. Qh6 b5 25. axb6 Rxb6 26. Qd2 Reb8 27. Rb1 Qh4 28. Bxa6 Ne5 29. Kg2 g5 30. Ra2 h5 31. f3 Rb3 32. Be2 Ng6 33. Bf1 Nf4+ 34. Kh2 hxg4 35. fxg4 Ne8 36. Ra3 Nf6 37. Rxb3 Rxb3 38. Qd1 Qf2+ 39. Kh1 Rb4 40. Qe1 Qf3+ 41. Kh2 Nxe4 42. Nxe4 Rxe4 43. Qg3 Qxg3+ 44. Kxg3 Rd4 45. h4 gxh4+ 46. Kxh4 Nxd5 47. Kg5 Kg7 48. b3 f6+ 49. Kh5 Nf4+ 50. Kh4 Ng6+ 51. Kh5 Rd2 52. g5 f5 0-1

[Event "Navarra-chT Primera Gp2"]
[Site "Navarra"]
[Date "2012.10.20"]
[Round "2.5"]
[White "Martinez Ayesa, Aitor"]
[Black "Diaz Redondo, Isidoro"]
[Result "1-0"]
[WhiteElo "1929"]
[BlackElo "1632"]
[PlyCount "107"]
[EventDate "2012.10.13"]
[EventType "team-swiss"]
[EventRounds "5"]
[EventCountry "ESP"]
[SourceTitle "EXT 2014"]
[Source "ChessBase"]
[SourceDate "2013.11.20"]
[SourceVersion "1"]
[SourceVersionDate "2013.11.20"]
[SourceQuality "1"]
[WhiteTeam "Mikel Gurea El Palacete"]
[BlackTeam "Oberena II"]
[WhiteTeamCountry "ESP"]
[BlackTeamCountry "ESP"]

1. d4 d5 2. Nf3 Nf6 3. c4 b6 4. g3 Bb7 5. Bg2 e6 6. 0-0 Be7 7. Nbd2 0-0 8. b3 c5 9. Bb2 Nc6 10. Rc1 Rc8 11. cxd5 Nxd5 12. Nc4 Rc7 13. a3 Qa8 14. dxc5 Bxc5 15. b4 Be7 16. Qb3 Rfc8 17. b5 Na5 18. Nxa5 Rxc1 19. Rxc1 Rxc1+ 20. Bxc1 bxa5 21. Bd2 Bd8 22. Qa4 Qc8 23. Bxa5 Nb6 24. Qb3 Bf6 25. Ne1 Nd5 26. Nd3 Bd4 27. Bd2 h6 28. Nb2 Qc7 29. Nc4 Kf8 30. Ba5 Nb6 31. Bxb7 Qxb7 32. Qd3 Qd5 33. Bb4+ Kg8 34. Nxb6 axb6 35. e3 Be5 36. Qxd5 exd5 37. Kf1 f6 38. Ke2 Kf7 39. Kd3 Ke6 40. f4 Bc7 41. Kd4 g5 42. h3 h5 43. a4 h4 44. Be1 hxg3 45. Bxg3 Bd6 46. f5+ Kd7 47. Bf2 Bc5+ 48. Kxd5 Bb4 49. e4 Ba5 50. e5 fxe5 51. Kxe5 Ke7 52. f6+ Kf7 53. Kf5 Bd2 54. Bxb6 1-0

[Event "Navarra-chT Preferente"]
[Site "Navarra"]
[Date "2012.10.13"]
[Round "1.8"]
[White "Martinez Ayesa, Aitor"]
[Black "Sanjuan Ruperez, Jorge"]
[Result "1-0"]
[WhiteElo "1929"]
[BlackElo "1834"]
[PlyCount "117"]
[EventDate "2012.10.13"]
[EventType "team"]
[EventRounds "7"]
[EventCountry "ESP"]
[SourceTitle "EXT 2014"]
[Source "ChessBase"]
[SourceDate "2013.11.20"]
[SourceVersion "1"]
[SourceVersionDate "2013.11.20"]
[SourceQuality "1"]
[WhiteTeam "Mikel Gurea Graficas Arga"]
[BlackTeam "Santa Ana"]
[WhiteTeamCountry "ESP"]
[BlackTeamCountry "ESP"]

1. d4 Nf6 2. Nf3 g6 3. c4 c5 4. g3 cxd4 5. Nxd4 Nc6 6. Bg2 Nxd4 7. Qxd4 Bg7 8. 0-0 0-0 9. Nc3 d6 10. Qd3 Rb8 11. Nb5 a6 12. Nd4 Ng4 13. Rd1 Qb6 14. h3 Ne5 15. Qc2 Nc6 16. Nxc6 bxc6 17. Rb1 c5 18. Be3 Bf5 19. Be4 Bxe4 20. Qxe4 Qb7 21. Qd3 Qc8 22. Qa3 Qxh3 23. Qxa6 h5 24. b3 h4 25. gxh4 Be5 26. Qc6 Qh2+ 27. Kf1 Qxh4 28. Qf3 Kg7 29. Rd5 Rh8 30. Rbd1 Qh1+ 31. Qxh1 Rxh1+ 32. Kg2 Rxd1 33. Rxd1 Ra8 34. Rd2 Bc3 35. Rc2 Bb4 36. Kf3 Kf6 37. Bc1 e5 38. a3 Ba5 39. Rb2 Rb8 40. Ke3 Bc3 41. Rb1 Bd4+ 42. Kf3 e4+ 43. Kxe4 Bxf2 44. b4 Ke6 45. b5 f5+ 46. Kd3 d5 47. a4 Be1 48. Bf4 dxc4+ 49. Kc2 Ra8 50. Rxe1 Rxa4 51. Rb1 Ra2+ 52. Rb2 Ra7 53. b6 Rb7 54. Kc3 Kd5 55. Bc7 g5 56. Rd2+ Kc6 57. Kxc4 Rxb6 58. Bxb6 Kxb6 59. Rd5 1-0

[Event "ESP-chT Autonomicas 4th"]
[Site "Villava"]
[Date "2009.05.03"]
[Round "6"]
[White "Martinez Ayesa, Aitor"]
[Black "Arnedo Ruiz, Alberto"]
[Result "1/2-1/2"]
[WhiteElo "1808"]
[BlackElo "1906"]
[PlyCount "107"]
[EventDate "2009.04.30"]
[EventType "tourn"]
[EventRounds "6"]
[EventCountry "ESP"]
[SourceTitle "CBM 130 Extra"]
[Source "ChessBase"]
[SourceDate "2009.07.02"]
[SourceVersion "2"]
[SourceVersionDate "2009.07.15"]
[SourceQuality "1"]

1. d4 e6 2. c4 Nf6 3. Nf3 b6 4. g3 Ba6 5. Qc2 c5 6. a3 Bb7 7. dxc5 bxc5 8. Bg2 Be7 9. 0-0 d6 10. Nc3 a6 11. e4 Nc6 12. Rd1 Qc7 13. Qe2 Rb8 14. Bf4 Nd4 15. Qd3 e5 16. Bg5 Bc6 17. Rab1 Qa5 18. Nxd4 cxd4 19. Bxf6 Bxf6 20. Nd5 Bxd5 21. cxd5 Ke7 22. Bf1 Rb6 23. Rdc1 Rhb8 24. b4 Qa4 25. Rc7+ Kf8 26. Ra7 Bd8 27. Rxa6 Rxa6 28. Qxa6 Qxa6 29. Bxa6 Ra8 30. b5 Bb6 31. Kf1 Ra7 32. Rc1 Bc5 33. a4 Ke7 34. f4 f6 35. Ke2 Kd7 36. fxe5 fxe5 37. Rf1 Ke7 38. g4 Ra8 39. Kd3 Rf8 40. Rxf8 Kxf8 41. Kc2 Bb6 42. Kd3 g5 43. Bb7 Ke7 44. Bc6 Kd8 45. Kc4 Kc7 46. Be8 Ba5 47. h3 Kb6 48. Bc6 Bd2 49. Be8 Bc1 50. a5+ Kxa5 51. b6 Kxb6 52. Ba4 Ka5 53. Bd1 d3 54. Bb3 1/2-1/2

[Event "ESP-chT Autonomicas 4th"]
[Site "Villava"]
[Date "2009.05.02"]
[Round "4"]
[White "Martinez Ayesa, Aitor"]
[Black "Perez Lopez, Jesus Maria"]
[Result "0-1"]
[WhiteElo "1808"]
[BlackElo "2263"]
[PlyCount "64"]
[EventDate "2009.04.30"]
[EventType "tourn"]
[EventRounds "6"]
[EventCountry "ESP"]
[SourceTitle "CBM 130 Extra"]
[Source "ChessBase"]
[SourceDate "2009.07.02"]
[SourceVersion "2"]
[SourceVersionDate "2009.07.15"]
[SourceQuality "1"]

1. d4 d5 2. c4 c6 3. Nf3 Nf6 4. g3 Bg4 5. Bg2 e6 6. 0-0 Nbd7 7. Nc3 Be7 8. Qc2 0-0 9. e4 dxc4 10. Be3 b5 11. a3 a6 12. Nd2 Bh5 13. h3 Bg6 14. f4 h6 15. Qd1 Rc8 16. e5 Nd5 17. Nxd5 cxd5 18. g4 Bd3 19. Re1 Bh4 20. Bf2 Bxf2+ 21. Kxf2 Qh4+ 22. Kg1 Qg3 23. Qf3 Qxf3 24. Bxf3 Nb6 25. Rac1 a5 26. Be2 Bh7 27. Nb1 b4 28. Bf1 Rc6 29. Re3 Rfc8 30. Kf2 Na4 31. b3 Bxb1 32. Rxb1 Nc3 0-1

[Event "Pamplona op"]
[Site "Pamplona"]
[Date "2008.12.29"]
[Round "9"]
[White "Martinez Ayesa, Aitor"]
[Black "Ros Octavio de Toledo, Eduardo"]
[Result "1/2-1/2"]
[WhiteElo "1795"]
[BlackElo "2198"]
[PlyCount "50"]
[EventDate "2008.12.22"]
[EventType "swiss"]
[EventRounds "9"]
[EventCountry "ESP"]
[SourceTitle "CBM 127 Extra"]
[Source "ChessBase"]
[SourceDate "2009.01.08"]
[SourceVersion "2"]
[SourceVersionDate "2009.01.28"]
[SourceQuality "1"]

1. d4 Nf6 2. c4 c5 3. d5 b5 4. cxb5 a6 5. b6 g6 6. g3 d6 7. Bg2 Bg7 8. Nf3 0-0 9. 0-0 Nbd7 10. Nc3 Qxb6 11. e4 Ng4 12. Nd2 Nge5 13. Kh1 Qb4 14. Qe2 a5 15. a3 Qb6 16. a4 Ba6 17. Nb5 f6 18. Bh3 Rfd8 19. f4 Nf7 20. Rf3 Bxb5 21. Qxb5 Qxb5 22. axb5 Nb6 23. Bf1 Rdb8 24. Nc4 Nxc4 25. Bxc4 f5 1/2-1/2

[Event "ESP-chT U16"]
[Site "Aviles"]
[Date "2008.06.25"]
[Round "1.2"]
[White "Martinez Ayesa, Aitor"]
[Black "Navarro Diaz, Carles"]
[Result "0-1"]
[WhiteElo "1795"]
[BlackElo "2013"]
[PlyCount "88"]
[EventDate "2008.06.25"]
[EventType "team-swiss"]
[EventRounds "6"]
[EventCountry "ESP"]
[SourceTitle "EXT 2010"]
[Source "ChessBase"]
[SourceDate "2010.11.25"]
[SourceVersion "1"]
[SourceVersionDate "2010.11.25"]
[SourceQuality "1"]

1. d4 Nf6 2. c4 g6 3. f3 Bg7 4. e4 d6 5. Nc3 0-0 6. Be3 e5 7. d5 Nh5 8. Nge2 f5 9. Qd2 f4 10. Bf2 a6 11. a3 a5 12. 0-0-0 b6 13. Kb1 Nf6 14. Nc1 Na6 15. Nb3 Bd7 16. Nb5 g5 17. Be2 Qe8 18. Nc1 g4 19. Na2 Kh8 20. Nac3 Bh6 21. Ka2 Qh5 22. Rc1 Rg8 23. Rcf1 Rg7 24. Qd1 Rag8 25. g3 gxf3 26. Bxf3 Bg4 27. Bxg4 Qxg4 28. Qxg4 Nxg4 29. Bg1 Rf7 30. h3 Nf6 31. g4 Nd7 32. Na4 f3 33. Nbc3 Rgf8 34. Bf2 Bd2 35. Kb1 Nac5 36. Nxc5 Nxc5 37. Bxc5 bxc5 38. Kc2 Be3 39. Nd1 Bd4 40. Nf2 a4 41. Nd3 Rb8 42. h4 Rb3 43. g5 f2 44. Rh2 Rf3 0-1